Big 4 Longest Suspensions Quiz Stats

 Plays Quiz Updated Feb 7, 2020

     
Support Sporcle.
Go Orange.
Score 0/32 Timer 06:00
0 Plays Today
League Player % Correct
MLBJoe Jackson
78.4%
NBAStephen Jackson
76%
NBAMetta Sandiford-Artest
73.2%
MLBLefty Williams
19.8%
NFLMichael Vick
15.7%
NHLRaffi Torres
14.6%
NBALatrell Sprewell
14.6%
NHLRaffi Torres
13.1%
MLBEd Cicotte
12.1%
NBAGilbert Arenas
10%
MLBBuck Weaver
7.7%
NHLChris Simon
7.4%
MLBChick Gandil
5.2%
NFLStanley Wilson
4.3%
MLBHappy Felsch
4.1%
NFLArt Schlichter
4%
League Player % Correct
MLBSwede Risberg
3.6%
NFLDexter Manley
3.6%
NBAJavaris Crittenton
3%
MLBFred McMullin
2.3%
MLBHal Chase
2.1%
NHLDon Murdoch
1.7%
NFLJohnny Jolly
1.7%
NHLJesse Boulerice
1.5%
MLBJoe Gedeon
1.3%
MLBHeinie Zimmerman
1.1%
MLBPhil Douglas
1%
MLBBenny Kauff
1%
NHLRic Nattress
1%
MLBEugene Paulette
0.9%
MLBJimmy O'Connell
0.9%
NFLR. Jay Soward
0.5%

From the Vault

'D' Cities by Clue

by Flick

Imagine if this is how you had to figure out your travel plans through Expedia.
Remove Ads.
Support Sporcle.
Get the best of Sporcle when you Go Orange. This ad-free experience offers more features, more stats, and more fun while also helping to support Sporcle. Thank you for becoming a member.

Show Comments

Extras

Top Quizzes Today


Score Distribution

Your Account Isn't Verified!

In order to create a playlist on Sporcle, you need to verify the email address you used during registration. Go to your Sporcle Settings to finish the process.

Report this User

Report this user for behavior that violates our Community Guidelines.

Details: